| 000 | 05734namaa22004211i 4500 | ||
|---|---|---|---|
| 003 | OSt | ||
| 005 | 20260422095940.0 | ||
| 008 | 250827s2025 ua a|||frm||| 000 0 eng d | ||
| 040 |
_aEG-GICUC _bara _cEG-GICUC _dEG-GICUC _erda |
||
| 041 | 0 |
_aara _bara _beng |
|
| 049 | _aإيداع | ||
| 082 | 0 | 4 | _a659.2 |
| 092 |
_a659.2 _221 |
||
| 097 | _aمــــاجستير | ||
| 099 | _aCai01.15.03.M.Sc.2025.أس.ت | ||
| 100 | 0 |
_a،أسماء عبد الله عبد الرؤف السيسي _eإعداد. |
|
| 245 | 1 | 0 |
_aتقييم أخلاقيات الكتابة الإعلامية لممارسي العلاقات العامة : _bدراسة علي القائم بالاتصال والمضمون / _cإعداد أسماء عبد الله عبد الرؤف السيسي؛ إشراف أ.د/ محمود يوسف مصطفي، د/ أحمد عبد السلام دياب. |
| 246 | 1 | 5 |
_aEvaluation of informational writing'ethics for pr practitioners : _bA content and a communicator study / |
| 264 | 0 | _c2025 | |
| 300 |
_a447 صفحة : _bإيضاحيات ؛ _c30 سم. + _eCD. |
||
| 336 |
_atext _2rda content |
||
| 337 |
_aUnmediated _2rdamedia |
||
| 338 |
_avolume _2rdacarrier |
||
| 502 | _aأطروحة (ماجستير)-جامعة القاهرة، 2025. | ||
| 504 | _aببليوجرافيا: صفحات 381-408. | ||
| 520 | _aاستهدفت هذه الدراسة تقييم مدي توافر الجوانب الأخلاقية المهنية، والقانونية، والمجتمعية في الممارسات التحريرية للعلاقات العامة بعينة من المواد التحريرية لبنوك القطاعين العام والخاص العاملة في مصر، وكذلك الكشف عن تأثير العوامل التنظيمية والمهنية والمجتمعية علي المعايير الأخلاقية الذاتية التي يلتزم بها ممارسو الاتصال التحريري، مع التعرف علي أوجه التشابه والاختلاف بين منظمات القطاعين العام والخاص من حيث مستوي التزامهم بالجوانب الأخلاقية في الممارسات التحريرية لممارس العلاقات العامة، وكذا من حيث العوامل المؤثرة علي هذا المستوي من الالتزام، وذلك من خلال دراستين: دراسة تحليلية لعينة من النصوص المكتوبة [رسائل تحريرية Newsletters، وما تتضمنه من قوالب فنية مختلفة] بالمواقع الإلكترونية الرسمية، وصفحات الفيس بوك الرسمية لعينة من بنوك القطاع العام (بنك مصر، والمصرف المتحد)، وعينة أخري من بنوك القطاع الخاص (التجاري الدولي - مصر CIB، وعَودة - مصر)، ودراسة أخري ميدانية علي عينة من القائمين بعملية الاتصال التحريري بالبنوك عينة الدراسة قوامها (8) مفردات. واستخدمت الدراسة نموذج جيرهارد مالتزكGerhard Maletzke للعوامل المؤثرة علي أخلاقيات الممارسات التحريرية التي يقدمها القائم بالاتصال التنظيمي، وأدوات تحليل المضمون، والمقابلات المتعمقة. | ||
| 520 | _aThis Study Aimed To Evaluate The Availability of Professional, Legal and Societal Ethical Aspects In The Editorial Practices of PR In A Sample of Editorial Contents of Public and Private Sector Banks Operating In Egypt, as Well as To Reveal The Impact of Organizational, Professional and Societal Factors on The Subjective Ethical Standards of Editorial Communication Practitioners, and Identifying The Similarities and Differences Between Public and Private Sector Organizations in Terms of Their Level of Commitment To The Ethical Aspects In PR Practitioner's Editorial Practices, as Well as Identifying The Factors Affecting This Level of Commitment. This Achieved By Two Studies: An Analytical Study of A Sample of Written Texts (Newsletters, and Different Technical Formats They Include) On Official Websites, and Official Facebook Pages of A Sample of Public Sector Banks (Banque Misr, and United Bank (UB)), and Another Sample of Private Sector Banks (Commercial International Bank (CIB), and Audi – Egypt), In Addition to A Field Study on A Sample of Those In Charge of The Editorial Communication Process In the Banks Stated Above. The Field Study Sample Consists of (8) respondents. The Study Used "Gerhard Malatzke Model" For The Factors Affecting on The Editorial Practices' Ethics Provided By The Organizational Communicator, as well as Content Analysis, and In-depth Interviews as Tools to Collect Data. | ||
| 530 | _aصدر أيضًا كقرص مدمج. | ||
| 546 | _aالنص بالعربية والملخص باللغة الإنجليزية والعربية. | ||
| 650 | 7 |
_a العلاقات العامة _2qrmak |
|
| 653 | 0 |
_aأخلاقيات العلاقات العامة _aأخلاقيات الكتابة للعلاقات العامة _aالكتابة للعلاقات العامة |
|
| 700 | 0 |
_aمحمود يوسف مصطفي _eمشرف أطروحة. |
|
| 700 | 0 |
_aأحمد عبد السلام دياب _eمشرف أطروحة. |
|
| 900 |
_b16-01-2025 _cمحمود يوسف مصطفي _cأحمد عبد السلام دياب _dعبير فتحي الشربيني _dأحمد محمد خطاب _Uجامعة القاهرة _Fكلية الإعلام _Dقسم العلاقات العامة والإعلان |
||
| 905 | _aSara | ||
| 942 |
_2ddc _cTH _e21 _n0 |
||
| 999 | _c179661 | ||